000 nam a22 7a 4500
999 _c127515
_d127515
008 180125b xxu||||| |||| 00| 0 eng d
050 _aBL2400
_b.R364
100 _aColloque De Strasbourg
_938930
245 _aReincarnation et vie mystique en Afrique noire
_cColloque De Strasbourg
260 _aParis
_bPresses Universitaires de France
_c1965
300 _a187p. ;
_c23cm.
440 _aBibliotheque des centres d'etudes superieures specialises
_938914
650 _aAfrica
_xReligion
_921261
650 _aMysticism
_zAfrica
_938915
700 _aBastide, Roger et al...
_938916
942 _2lcc
_cMONOGRAPH